Karel Gott : ilustrovaný životopis /
Kreativně pojatá biografie přibližující život nejslavnějšího českého zpěváka. Text je barvitě doplňován ilustracemi Matěje Pospíšila.
Uloženo v:
| Hlavní autor: | |
|---|---|
| Další autoři: | |
| Médium: | E-kniha |
| Jazyk: | Czech |
| Vydáno: |
Praha :
XYZ,
2020
|
| Vydání: | 1. vydání |
| Témata: | |
| Tagy: |
Žádné tagy |
| LEADER | 03666nam a2200637 i 4500 | ||
|---|---|---|---|
| 001 | 311236 | ||
| 003 | CZ PrSKC | ||
| 005 | 20260601215702.0 | ||
| 007 | ta | ||
| 008 | 201109t20202020xr ac e 000 0bcze | ||
| 015 | |a cnb003263091 | ||
| 020 | |a 9788075977816 |q (vázáno) : |c Kč 399,00 | ||
| 035 | |a (OCoLC)1230106150 | ||
| 040 | |a ABA001 |b cze |d OLA001 |e rda | ||
| 043 | |a e-xr--- | ||
| 045 | |a x3y9 | ||
| 072 | 7 | |a 78.07 |x Hudebníci, skladatelé a jiná hudební povolání |2 Konspekt | |
| 072 | 7 | |a 929 |x Biografie |2 Konspekt | |
| 080 | |a 78.03.011.26.071.2 |2 MRF | ||
| 080 | |a 78.03.011.26 |2 MRF | ||
| 080 | |a 78-027.22 |2 MRF | ||
| 080 | |a 929 |2 MRF | ||
| 080 | |a (437.3) |2 MRF | ||
| 080 | |a (092) |2 MRF | ||
| 080 | |a (084.11) |2 MRF | ||
| 100 | 1 | |a Žák, Jiří, |d 1946-2024 |7 jk01152981 |4 aut | |
| 245 | 1 | 0 | |a Karel Gott : |b ilustrovaný životopis / |c Jiří Žák, Matěj Pospíšil |
| 250 | |a 1. vydání | ||
| 264 | 1 | |a Praha : |b XYZ, |c 2020 | |
| 300 | |a 143 nečíslovaných stran : |b ilustrace (převážně barevné), portréty ; |c 25 cm | ||
| 336 | |a text |b txt |2 rdacontent | ||
| 336 | |a statický obraz |b sti |2 rdacontent | ||
| 337 | |a bez média |b n |2 rdamedia | ||
| 338 | |a svazek |b nc |2 rdacarrier | ||
| 500 | |a Ilustrace Matěj Pospíšil | ||
| 520 | 2 | |a Kreativně pojatá biografie přibližující život nejslavnějšího českého zpěváka. Text je barvitě doplňován ilustracemi Matěje Pospíšila. |b Jiří Žák se s Karlem Gottem nikdy nesetkal. Mistrova hudba ho však provázela celý jeho život. Rozhodl se proto svůj obdiv a vděk přenést na listy papíru a vytvořil neobyčejný životopis našeho zlatého slavíka. Sám se převtělil do Gottovy osoby a z jeho pohledu čtenářům vypráví o zpěvákově životě. Pro ostřílené fanoušky publikace nepřinese příliš mnoho nových informací. Kniha je však psaná s fantazií a citem a na poli biografií tak tvoří nevšední počtení. Díky zvolené ich formě je čtenář jakoby pozván do niterných prožitků mistrova každodenního života. Dozvídá se tak nejenom o jeho známých životních událostech - jeho hudebních začátcích, působení v divadle Semafor či následné hvězdné kariéře, ale i o jeho malířské vášni, vztahu k ženám, všech jeho úspěších, ale také zklamáních. Zkrátka o životě tak, jak ho mistr prožíval až do úplného konce. | |
| 600 | 1 | 7 | |a Gott, Karel, |d 1939-2019 |7 jk01032549 |2 czenas |
| 648 | 4 | |a 1939-2019 | |
| 648 | 7 | |a 20.-21. století |7 ch462155 |2 czenas | |
| 650 | 0 | 7 | |a populární zpěváci |7 ph809850 |z Česko |y 20.-21. století |2 czenas |
| 650 | 0 | 7 | |a populární hudba |7 ph124352 |z Česko |y 20.-21. století |2 czenas |
| 650 | 0 | 7 | |a hudební život |7 ph135177 |z Česko |y 20.-21. století |2 czenas |
| 650 | 0 | 9 | |a popular singers |z Czechia |y 20th-21st centuries |2 eczenas |
| 650 | 0 | 9 | |a popular music |z Czechia |y 20th-21st centuries |2 eczenas |
| 650 | 0 | 9 | |a musical life |z Czechia |y 20th-21st centuries |2 eczenas |
| 655 | 7 | |a biografie |7 fd131909 |2 czenas | |
| 655 | 7 | |a obrazové publikace |7 fd132947 |2 czenas | |
| 655 | 9 | |a biography |2 eczenas | |
| 655 | 9 | |a pictorial works |2 eczenas | |
| 700 | 1 | |a Pospíšil, Matěj, |d 1985- |7 mzk2016925486 |4 ill | |
| 900 | |a ABA001 |b 19 | ||
| 928 | 9 | |a Albatros Media - XYZ | |
| 044 | |a xr | ||
| 910 | |a RBIT002 | ||
| 998 | |d 208970 |a https://core.palmknihy.cz/api/books/208970/cover?si66dp |b https://core.palmknihy.cz/api/books/208970/cover/400?si66dp |c https://core.palmknihy.cz/api/books/208970/cover/50?si66dp |e 2030-12-31 |g 144 |i 9788075977816 |k https://core.palmknihy.cz/api/books/208970/preview.pdf |l |q 49 |r 1 |s https://www.palmknihy.cz/kniha/208970 |t ebook |y 2020 |z 0 | ||
| 999 | |d 311234 | ||